Unsupervised and online neural spike sorting for implantable brain machine interface (Record no. 13239)

000 -LEADER
fixed length control field 00493nam a22001337a 4500
082 ## - DEWEY DECIMAL CLASSIFICATION NUMBER
Classification number MSEE-3
100 ## - MAIN ENTRY--PERSONAL NAME
Personal name Maryam Saeed
9 (RLIN) 98895
245 ## - TITLE STATEMENT
Title Unsupervised and online neural spike sorting for implantable brain machine interface
260 ## - PUBLICATION, DISTRIBUTION, ETC.
Place of publication, distribution, etc. Islamabad
Name of publisher, distributor, etc. NUST-SEECS
Date of publication, distribution, etc. 2014
300 ## - PHYSICAL DESCRIPTION
Extent 53
Accompanying material CD Include
500 ## - GENERAL NOTE
General note Supervisors:Dr. Awais Mehmood Kamboh, Dr. Khawar Khurshid, Dr. Ahmad Salman, Dr. Amir Ali Khan
856 ## - ELECTRONIC LOCATION AND ACCESS
Uniform Resource Identifier <a href="http://10.250.8.41:8080/xmlui/handle/123456789/9449">http://10.250.8.41:8080/xmlui/handle/123456789/9449</a>
942 ## - ADDED ENTRY ELEMENTS (KOHA)
Koha item type Project Report
Source of classification or shelving scheme
Holdings
Withdrawn status Lost status Damaged status Not for loan Collection code Permanent Location Current Location Shelving location Date acquired Total Checkouts Full call number Barcode Date last seen Price effective from Koha item type Source of classification or shelving scheme
          Central Library (CL) Central Library (CL) General Stacks 07/07/2015   MSEE-3 MAR SEECSP01643 07/05/2015 07/05/2015 Project Report  
          Central Library (CL) Central Library (CL) Thesis 12/13/2019   621.3 MSEE-3 CL-T-4151 12/13/2019 12/13/2019 Thesis  
© 2023 Central Library, National University of Sciences and Technology. All Rights Reserved.